[Event "Blankenburg op-A 19th"]
[Site "Blankenburg"]
[Date "2014.10.02"]
[Round "2"]
[White "Hofmann, Annett"]
[Black "Vonhoff, Joerg"]
[Result "0-1"]
[WhiteElo "1992"]
[BlackElo "1757"]
[PlyCount "88"]
[EventDate "2014.10.02"]
[EventType "swiss"]
[EventRounds "7"]
[EventCountry "GER"]
[SourceTitle "EXT 2023"]
[Source "ChessBase"]
[SourceDate "2022.10.05"]
[SourceVersion "1"]
[SourceVersionDate "2022.10.05"]
[SourceQuality "1"]

1. e4 c5 2. Nf3 d6 3. d4 cxd4 4. Nxd4 Nf6 5. Nc3 a6 6. Be3 e6 7. f3 Be7 8. Qd2 Qc7 9. g4 Nc6 10. h4 Ne5 11. h5 Nc4 12. Bxc4 Qxc4 13. 0-0-0 b5 14. b3 Qc7 15. g5 Nd7 16. g6 h6 17. Rdg1 Bb7 18. gxf7+ Kxf7 19. Qg2 Bf6 20. Nce2 Rac8 21. Nf4 Qc3 22. Qg4 Qxe3+ 23. Kb1 Rhe8 24. Nfxe6 Bxd4 25. Nxg7 Qg5 26. Nxe8 Qxg4 27. Nxd6+ Ke6 28. Rxg4 Kxd6 29. Rd1 Ne5 30. Rf4 Kc5 31. Rf5 b4 32. Rf6 Be3 33. f4 Ng4 34. Rg6 Nf2 35. Re1 Bd4 36. Rxh6 Bxe4 37. Kc1 Kb5 38. Re2 Bf3 39. Re7 Be4 40. c4+ bxc3 41. a4+ Kb4 42. Rxe4 Nxe4 43. Rxa6 Kxb3 44. h6 Be3+ 0-1

[Event "GER-chT U20"]
[Site "Kelheim"]
[Date "2007.12.27"]
[Round "1.2"]
[White "Bracker, Frank"]
[Black "Hofmann, Annett"]
[Result "1-0"]
[WhiteElo "2181"]
[BlackElo "1962"]
[PlyCount "53"]
[EventDate "2007.12.27"]
[EventType "team-swiss"]
[EventRounds "7"]
[EventCountry "GER"]
[SourceTitle "EXT 2022"]
[Source "ChessBase"]
[SourceDate "2021.10.06"]
[SourceVersion "1"]
[SourceVersionDate "2021.10.06"]
[SourceQuality "1"]
[WhiteTeam "Hamburger SK U20"]
[BlackTeam "Hettstedt U20"]
[WhiteTeamCountry "GER"]
[BlackTeamCountry "GER"]

1. e4 c5 2. Nf3 d6 3. d4 cxd4 4. Nxd4 Nf6 5. Nc3 a6 6. Bg5 e6 7. f4 Be7 8. Qf3 Qc7 9. 0-0-0 Nc6 10. Nb3 b5 11. Bd3 Bb7 12. Qh3 b4 13. Ne2 Na5 14. Bxf6 Nxb3+ 15. Kb1 Nd2+ 16. Rxd2 Bxf6 17. Rdd1 Bc6 18. g4 a5 19. g5 Be7 20. f5 Bxg5 21. fxe6 f6 22. Nd4 0-0-0 23. e7+ Rd7 24. Bb5 Bxe4 25. Rhe1 d5 26. Qe6 Qd6 27. e8Q+ 1-0

[Event "Saarbruecken-chT U20"]
[Site "Saarbruecken"]
[Date "2006.11.24"]
[Round "7.3"]
[White "Hofmann, Annett"]
[Black "Fuchs, Judith"]
[Result "0-1"]
[WhiteElo "1989"]
[BlackElo "2131"]
[PlyCount "112"]
[EventDate "2006.11.??"]
[EventType "team"]
[EventRounds "7"]
[EventCountry "GER"]
[SourceTitle "EXT 2008"]
[Source "ChessBase"]
[SourceDate "2007.11.25"]
[SourceVersion "1"]
[SourceVersionDate "2007.11.25"]
[SourceQuality "1"]

1. e4 c6 2. d4 d5 3. Nc3 dxe4 4. Nxe4 Bf5 5. Ng3 Bg6 6. h4 h6 7. Nf3 Nd7 8. Bd3 Bxd3 9. Qxd3 Qc7 10. Bd2 e6 11. 0-0-0 Ngf6 12. Ne4 0-0-0 13. Nxf6 Nxf6 14. Rhe1 c5 15. Qa3 Kb8 16. Qa4 Nd5 17. Re4 Bd6 18. c3 Nf4 19. Bxf4 Bxf4+ 20. Kc2 Bd6 21. Nd2 Be7 22. Nb3 g6 23. Qc4 Qh2 24. Nxc5 Qxg2 25. Rf4 Rhf8 26. Qb5 g5 27. Na6+ Kc8 28. Qc4+ Qc6 29. Qxc6+ bxc6 30. hxg5 hxg5 31. Rg4 Rh8 32. Rg2 Rh4 33. a3 f6 34. Re1 Kd7 35. Kd3 Rdh8 36. Kc4 Rh2 37. Reg1 f5 38. a4 g4 39. b4 Bd6 40. Nc5+ Ke7 41. Nb3 R8h4 42. b5 cxb5+ 43. axb5 Rxg2 44. Rxg2 f4 45. Na5 f3 46. Rg1 g3 47. fxg3 f2 48. Rf1 Bxg3 49. Nc6+ Kd6 50. Nxa7 Re4 51. b6 Re1 52. Rxf2 Bxf2 53. b7 Kc7 54. Nc6 Kxb7 55. Ne5 Rxe5 56. dxe5 Kc6 0-1

[Event "Saarbruecken-chT U20"]
[Site "Saarbruecken"]
[Date "2006.11.23"]
[Round "5.3"]
[White "Hofmann, Annett"]
[Black "Rehberg, Raphael"]
[Result "0-1"]
[WhiteElo "1989"]
[BlackElo "2210"]
[PlyCount "148"]
[EventDate "2006.11.??"]
[EventType "team"]
[EventRounds "7"]
[EventCountry "GER"]
[SourceTitle "EXT 2008"]
[Source "ChessBase"]
[SourceDate "2007.11.25"]
[SourceVersion "1"]
[SourceVersionDate "2007.11.25"]
[SourceQuality "1"]

1. e4 c5 2. Nf3 e6 3. d4 cxd4 4. Nxd4 a6 5. Bd3 Nf6 6. 0-0 Qc7 7. c4 Bc5 8. Nb3 Be7 9. Be3 d6 10. Kh1 0-0 11. f4 b6 12. N1d2 Bb7 13. Rc1 Nc6 14. Qf3 Rad8 15. Qg3 Kh8 16. Nd4 Nd7 17. N4f3 Nc5 18. Bb1 Nb4 19. Bd4 f6 20. Nh4 e5 21. Bc3 exf4 22. Rxf4 Nc6 23. Nf5 Rf7 24. Rg4 Ne6 25. Nf3 Ne5 26. Nxe5 dxe5 27. Ne3 Nf4 28. Qe1 Qd7 29. h3 Bc5 30. Nd5 Nxd5 31. exd5 Re8 32. b4 Bd6 33. Qf2 f5 34. Rg5 e4 35. Re1 Ref8 36. Qxb6 Be7 37. Rh5 Bf6 38. Bxf6 Rxf6 39. Qd4 Qe8 40. Rg5 Qb8 41. Rf1 h6 42. Rh5 Qg3 43. c5 Kg8 44. c6 Bc8 45. a4 g6 46. Rxh6 Kg7 47. Bxe4 Kxh6 48. b5 axb5 49. axb5 Qh4 50. Qe3+ f4 51. Qd3 f3 52. Qe3+ Kg7 53. Rxf3 Rxf3 54. Bxf3 Bxh3 55. Kg1 Qg3 56. Qa7+ Rf7 57. Qd4+ Kh7 58. Be4 Qe1+ 59. Kh2 Bf5 60. Bf3 Kg8 61. g4 Rh7+ 62. Kg2 Qh1+ 63. Kf2 Qh4+ 64. Ke3 Re7+ 65. Kd2 Qh2+ 66. Kc3 Qg3 67. b6 Qxf3+ 68. Kc4 Re4 69. b7 Rxd4+ 70. Kxd4 Qxg4+ 71. Kc5 Qg1+ 72. Kd6 Qb6 73. Ke7 Qc7+ 74. Kf6 Be4 0-1

[Event "Saale-Herbst op 3rd"]
[Site "Halle/Saale"]
[Date "2006.10.27"]
[Round "5"]
[White "Michael, Dirk"]
[Black "Hofmann, Annett"]
[Result "1/2-1/2"]
[WhiteElo "2024"]
[BlackElo "1972"]
[PlyCount "33"]
[EventDate "2006.10.25"]
[EventType "swiss"]
[EventRounds "7"]
[EventCountry "GER"]
[SourceTitle "EXT 2019"]
[Source "ChessBase"]
[SourceDate "2018.10.10"]
[SourceVersion "1"]
[SourceVersionDate "2018.10.10"]
[SourceQuality "1"]

1. Nf3 Nf6 2. b3 g6 3. Bb2 Bg7 4. e3 0-0 5. h4 d5 6. Be2 c5 7. d3 Nc6 8. Nbd2 Qc7 9. Nh2 e5 10. g4 Be6 11. g5 Nd7 12. h5 Na5 13. Ng4 Bxg4 14. Bxg4 Rfe8 15. Qe2 Nf8 16. hxg6 fxg6 17. e4 1/2-1/2

[Event "Saale-Herbst op 3rd"]
[Site "Halle/Saale"]
[Date "2006.10.25"]
[Round "2"]
[White "Hofmann, Annett"]
[Black "Wichmann, Cliff"]
[Result "1/2-1/2"]
[WhiteElo "1972"]
[BlackElo "2374"]
[PlyCount "115"]
[EventDate "2006.10.25"]
[EventType "swiss"]
[EventRounds "7"]
[EventCountry "GER"]
[SourceTitle "EXT 2019"]
[Source "ChessBase"]
[SourceDate "2018.10.10"]
[SourceVersion "1"]
[SourceVersionDate "2018.10.10"]
[SourceQuality "1"]

1. e4 e6 2. d4 d5 3. Nc3 Nf6 4. e5 Nfd7 5. f4 c5 6. Nf3 Nc6 7. Be3 a6 8. Qd2 b5 9. dxc5 Bxc5 10. 0-0-0 b4 11. Ne2 a5 12. Ned4 Qb6 13. Bb5 Nxd4 14. Bxd7+ Bxd7 15. Bxd4 Rc8 16. Bxc5 Rxc5 17. Nd4 a4 18. Kb1 0-0 19. g4 f6 20. Rhe1 Rcc8 21. Re3 a3 22. Nf3 axb2 23. Rb3 Ba4 24. Rxb2 Rc4 25. f5 Rxg4 26. fxe6 Qxe6 27. exf6 Rxf6 28. Nd4 Qe4 29. Qxb4 Qxd4 30. Qxd4 Rxd4 31. Rb8+ Kf7 32. Rxd4 Bc6 33. a4 Ke6 34. a5 Kd6 35. Rdb4 Rf7 36. R4b6 Rc7 37. a6 Kc5 38. R8b7 Rc8 39. a7 Ra8 40. Rxc6+ Kxc6 41. Rxg7 h6 42. Kb2 Kc5 43. Kc3 Rf8 44. Rb7 d4+ 45. Kb3 Ra8 46. Rh7 Kb5 47. h4 Kc5 48. h5 Kb5 49. Rxh6 Rxa7 50. Rg6 Rc7 51. Rg5+ Kb6 52. Rd5 Rc3+ 53. Kb2 Rh3 54. Rxd4 Rxh5 55. Kc3 Kc5 56. Rc4+ Kb5 57. Rb4+ Kc5 58. Rc4+ 1/2-1/2

[Event "GER-ch U18 Girls"]
[Site "Willingen"]
[Date "2006.06.07"]
[Round "7"]
[White "Hofmann, Annett"]
[Black "Schulze, Dorothee"]
[Result "1/2-1/2"]
[WhiteElo "2004"]
[BlackElo "1946"]
[PlyCount "118"]
[EventDate "2006.06.03"]
[EventType "swiss"]
[EventRounds "9"]
[EventCountry "GER"]
[SourceTitle "EXT 2007"]
[Source "ChessBase"]
[SourceDate "2006.11.23"]
[SourceVersion "1"]
[SourceVersionDate "2006.11.23"]
[SourceQuality "1"]

1. e4 c5 2. Na3 Nc6 3. Bb5 d6 4. c3 Bd7 5. Qe2 Nf6 6. f4 e6 7. Nf3 Be7 8. 0-0 0-0 9. Kh1 a6 10. Bxc6 Bxc6 11. e5 Nd5 12. d3 b5 13. Nc2 Qd7 14. exd6 Qxd6 15. Ne5 Bb7 16. Bd2 Rfd8 17. d4 cxd4 18. Nxd4 Rac8 19. Rae1 Bf6 20. Qh5 Rc7 21. Ndf3 g6 22. Qh3 Bg7 23. Ng5 h6 24. Ne4 Qb6 25. Qg3 Re7 26. h4 f5 27. Nf2 Bxe5 28. fxe5 Kh7 29. Nh3 Qc6 30. Rf2 Red7 31. Nf4 Rg7 32. Ne2 Rh8 33. Kg1 Qd7 34. Nd4 Qe7 35. Rc1 g5 36. hxg5 hxg5 37. b3 Kg8 38. c4 f4 39. Qd3 Rgh7 40. Rff1 bxc4 41. bxc4 Nc7 42. Qg6+ Qg7 43. Qxg7+ Kxg7 44. Ba5 Kg6 45. Bxc7 Rxc7 46. Nxe6 Re7 47. Nc5 Rc8 48. Nxb7 Rxb7 49. Rfd1 Kf5 50. Rd6 Kxe5 51. Rxa6 Rbc7 52. Ra5+ Rc5 53. Rxc5+ Rxc5 54. Kf2 g4 55. Ke2 Kd4 56. Rd1+ Kxc4 57. Rc1+ Kb4 58. Rxc5 Kxc5 59. Kd3 Kb4 1/2-1/2

[Event "Blankenburg op-A 13th"]
[Site "Blankenburg"]
[Date "2005.10.02"]
[Round "4"]
[White "Schubert, Hartmut"]
[Black "Hofmann, Annett"]
[Result "1/2-1/2"]
[WhiteElo "1939"]
[BlackElo "2002"]
[PlyCount "45"]
[EventDate "2005.09.30"]
[EventType "swiss"]
[EventRounds "7"]
[EventCountry "GER"]
[SourceTitle "EXT 2007"]
[Source "ChessBase"]
[SourceDate "2006.11.23"]
[SourceVersion "1"]
[SourceVersionDate "2006.11.23"]
[SourceQuality "1"]

1. e4 c5 2. Nf3 d6 3. d4 cxd4 4. Qxd4 Nc6 5. Bb5 Bd7 6. Bxc6 Bxc6 7. Nc3 Nf6 8. Bg5 e6 9. 0-0-0 b5 10. e5 Qa5 11. exf6 gxf6 12. Qxf6 Rg8 13. Nd4 Bxg2 14. Nb3 Qa6 15. Rhg1 b4 16. Nb1 Qb7 17. Nc5 Qf3 18. Nd3 Qb7 19. Be3 Rc8 20. Qh4 d5 21. Rxg2 Rxg2 22. Ne1 Rg6 23. Nd2 1/2-1/2

[Event "GER-ch U18 Girls"]
[Site "Willingen"]
[Date "2005.05.19"]
[Round "8"]
[White "Hofmann, Annett"]
[Black "Dauer, Christina"]
[Result "1/2-1/2"]
[WhiteElo "1978"]
[BlackElo "1645"]
[PlyCount "76"]
[EventDate "2005.05.14"]
[EventType "swiss"]
[EventRounds "9"]
[EventCountry "GER"]
[SourceTitle "CBM 106 Extra"]
[Source "ChessBase"]
[SourceDate "2005.07.01"]
[SourceVersion "1"]
[SourceVersionDate "2005.07.01"]
[SourceQuality "1"]

1. e4 e6 2. d4 d5 3. Nc3 Bb4 4. exd5 exd5 5. Bd3 Nc6 6. Nge2 Bg4 7. f3 Bh5 8. 0-0 Qd7 9. Be3 Bg6 10. Bb5 0-0-0 11. a3 Bd6 12. b4 h5 13. Ba4 Qe6 14. Bf2 Nge7 15. Bb3 a6 16. Qd2 h4 17. Nf4 Qf5 18. Nh3 Bh5 19. b5 axb5 20. Nxb5 g5 21. Be3 g4 22. fxg4 Qxg4 23. Nxd6+ Rxd6 24. Bg5 Rg6 25. Rf4 Qd7 26. Rxf7 Bg4 27. Nf2 Rhg8 28. Nxg4 Qxg4 29. Bxe7 Qe6 30. Rf8+ Rxf8 31. Bxf8 h3 32. g3 Rf6 33. Rf1 Rxf1+ 34. Kxf1 Qe4 35. Qf2 Nxd4 36. Bc5 Qh1+ 37. Qg1 Qf3+ 38. Qf2 Qh1+ 1/2-1/2

[Event "GER-ch U18 Girls"]
[Site "Willingen"]
[Date "2005.05.15"]
[Round "3"]
[White "Hofmann, Annett"]
[Black "Hoolt, Sarah"]
[Result "0-1"]
[WhiteElo "1978"]
[BlackElo "2050"]
[PlyCount "144"]
[EventDate "2005.05.14"]
[EventType "swiss"]
[EventRounds "9"]
[EventCountry "GER"]
[SourceTitle "CBM 106 Extra"]
[Source "ChessBase"]
[SourceDate "2005.07.01"]
[SourceVersion "1"]
[SourceVersionDate "2005.07.01"]
[SourceQuality "1"]

1. e4 e6 2. d4 d5 3. Nc3 Bb4 4. exd5 exd5 5. Bd3 h6 6. Nge2 Nf6 7. a3 Ba5 8. 0-0 Be6 9. Nf4 0-0 10. Nxe6 fxe6 11. Bg6 Nc6 12. Bf4 Nd7 13. Qg4 Qf6 14. Bg3 Ne7 15. Bd3 Nf5 16. Ne2 Bb6 17. c3 c5 18. Bb5 Rad8 19. Bxd7 Rxd7 20. Be5 Qf7 21. Rac1 h5 22. Qf4 Qg6 23. dxc5 Bxc5 24. Qa4 Qf7 25. Nf4 Rdd8 26. Qd1 g6 27. Qd2 Be7 28. Qe2 Bg5 29. Rc2 Nh6 30. Nd3 Qf5 31. Bd4 b6 32. Qe5 Qxe5 33. Nxe5 Kh7 34. Re2 Rd6 35. Rfe1 Re8 36. Nf3 Bd8 37. Be5 Rd7 38. Nd4 Nf7 39. Nc6 Bg5 40. f4 Bh6 41. Bb8 Nd8 42. Nxd8 Rexd8 43. Be5 Re8 44. Bd4 Rd6 45. g3 Bg7 46. Bxg7 Kxg7 47. Kf2 Kf6 48. Re5 d4 49. cxd4 Rxd4 50. R1e2 h4 51. Kf3 hxg3 52. hxg3 Rd1 53. Kf2 Rh1 54. Kg2 Rh5 55. Rxh5 gxh5 56. Kh3 Rd8 57. Kh4 Rd5 58. Rc2 a5 59. Rc8 Rb5 60. Rc2 Rb3 61. Rg2 Kg6 62. Re2 Kf5 63. Kxh5 Rxg3 64. Re5+ Kxf4 65. Rxe6 Kf5 66. Kh4 Kxe6 67. Kxg3 Kd5 68. b3 Kd4 69. b4 axb4 70. axb4 Kc4 71. Kf3 Kxb4 72. Ke3 Kc3 0-1

[Event "Halle-chT (Women)"]
[Site "Halle"]
[Date "2005.04.15"]
[Round "2.1"]
[White "Ankerst, Milka"]
[Black "Hofmann, Annett"]
[Result "0-1"]
[WhiteElo "2134"]
[BlackElo "1978"]
[PlyCount "92"]
[EventDate "2005.04.14"]
[EventType "team"]
[EventRounds "5"]
[EventCountry "GER"]
[SourceTitle "CBM 105 Extra"]
[Source "ChessBase"]
[SourceDate "2005.05.01"]
[SourceVersion "1"]
[SourceVersionDate "2005.05.01"]
[SourceQuality "1"]

1. e4 c5 2. Nf3 d6 3. Bb5+ Bd7 4. Bxd7+ Qxd7 5. 0-0 Nc6 6. d4 cxd4 7. Nxd4 Nf6 8. Nc3 e6 9. f4 a6 10. Be3 b5 11. Qf3 Rc8 12. Nxc6 Qxc6 13. Bd4 b4 14. Bxf6 gxf6 15. Ne2 Qb6+ 16. Kh1 Rxc2 17. e5 Qc6 18. Qxc6+ Rxc6 19. exf6 Rc2 20. Ng3 Rxb2 21. Rfd1 Rg8 22. Rab1 Rxb1 23. Rxb1 d5 24. Rc1 Kd7 25. Kg1 Rg4 26. Ne2 Rg6 27. Kf2 Rxf6 28. Ke3 Rg6 29. g3 Bd6 30. Nd4 Rg8 31. Rc6 Ra8 32. Kd3 Ra7 33. Rc2 Rc7 34. Rxc7+ Bxc7 35. Nf3 f6 36. Ne1 Bb6 37. Nc2 a5 38. Ne1 Kd6 39. Nf3 Bc5 40. g4 Ke7 41. g5 Bd6 42. Ke3 a4 43. gxf6+ Kxf6 44. Ne1 Kf5 45. Nd3 b3 46. axb3 a3 0-1

[Event "Werther Schloss op-A 11th"]
[Site "Werther"]
[Date "2005.03.19"]
[Round "3"]
[White "Tolic, Mato"]
[Black "Hofmann, Annett"]
[Result "1-0"]
[WhiteElo "2043"]
[BlackElo "1970"]
[PlyCount "112"]
[EventDate "2005.03.18"]
[EventType "swiss"]
[EventRounds "5"]
[EventCountry "GER"]
[SourceTitle "CBM 105 Extra"]
[Source "ChessBase"]
[SourceDate "2005.05.01"]
[SourceVersion "1"]
[SourceVersionDate "2005.05.01"]
[SourceQuality "1"]

1. e4 c5 2. Nf3 d6 3. c4 e6 4. d4 cxd4 5. Nxd4 Nf6 6. Nc3 a6 7. Bg5 Be7 8. Qd2 Qc7 9. f4 0-0 10. 0-0-0 Nbd7 11. g4 b6 12. Bxf6 Nxf6 13. g5 Nd7 14. Bh3 Qxc4 15. b3 Qc7 16. Kb2 b5 17. Rc1 Qb6 18. f5 Bxg5 19. Qxg5 Qxd4 20. fxe6 Nc5 21. Rhd1 Nd3+ 22. Kc2 Qe5 23. Qxe5 Nb4+ 24. Kb1 dxe5 25. a3 Nc6 26. Nd5 Bb7 27. e7 Nxe7 28. Nxe7+ Kh8 29. Nd5 Rad8 30. Rc7 Ba8 31. Rd7 Rxd7 32. Bxd7 Rd8 33. Rc1 g6 34. Rc8 Rxc8 35. Bxc8 f5 36. Bxa6 fxe4 37. Nc7 Bc6 38. Bxb5 e3 39. Kc1 Bf3 40. Bc4 g5 41. Nd5 h5 42. Nxe3 g4 43. Be6 Kg7 44. Kd2 Kf6 45. Bc8 Kg5 46. Ke1 Kf4 47. Kf2 h4 48. Bxg4 Bxg4 49. Nxg4 Kxg4 50. b4 Kh3 51. b5 e4 52. b6 e3+ 53. Kxe3 Kxh2 54. Kf2 h3 55. b7 Kh1 56. b8Q h2 1-0

[Event "GER-ch U16 Girls"]
[Site "Willingen"]
[Date "2004.06.03"]
[Round "8"]
[White "Hofmann, Annett"]
[Black "Giss, Helene"]
[Result "0-1"]
[WhiteElo "1992"]
[BlackElo "2065"]
[PlyCount "132"]
[EventDate "2004.06.??"]
[EventType "swiss"]
[EventRounds "9"]
[EventCountry "GER"]
[SourceTitle "EXT 2005"]
[Source "ChessBase"]
[SourceDate "2004.11.15"]
[SourceVersion "1"]
[SourceVersionDate "2004.11.15"]
[SourceQuality "1"]

1. e4 e6 2. d4 d5 3. Nc3 Nf6 4. e5 Nfd7 5. f4 c5 6. Nf3 Nc6 7. Be3 Qb6 8. Na4 Qa5+ 9. c3 Nxd4 10. Nxd4 cxd4 11. b4 Qc7 12. Bxd4 Be7 13. Bd3 b6 14. 0-0 g6 15. Nb2 f6 16. Qe2 0-0 17. Rf3 f5 18. Qe1 a5 19. a4 Ba6 20. b5 Bb7 21. Qe3 Bc5 22. Rc1 Rac8 23. Rff1 Qd8 24. Rfd1 Qe7 25. Be2 Rc7 26. c4 Bxd4 27. Rxd4 Rfc8 28. Rcd1 Nc5 29. cxd5 Bxd5 30. Nc4 Bxc4 31. Rxc4 Rd7 32. Rxd7 Qxd7 33. Rd4 Qc7 34. Rd6 Kf7 35. Bc4 Ke7 36. Qd4 Rd8 37. Qf2 Rxd6 38. Qh4+ Ke8 39. exd6 Qxd6 40. Qf6 Qd1+ 41. Bf1 Qd2 42. Qe5 Kf7 43. h3 Nd7 44. Qh8 Qe3+ 45. Kh1 Nf8 46. g3 Qe4+ 47. Kh2 Qxa4 48. Qc3 Qa2+ 49. Kg1 Qd5 50. Bc4 Qc5+ 51. Kg2 Nd7 52. Qb3 Qd6 53. h4 Nc5 54. Qb2 Ne4 55. Be2 Qd2 56. Qxd2 Nxd2 57. Bd1 Ne4 58. Bb3 Nc3 59. Bc4 a4 60. Kf3 a3 61. Ke3 a2 62. Bxa2 Nxa2 63. Kd4 Ke7 64. Kc4 Kd6 65. Kd4 h6 66. Kc4 Nc1 0-1

[Event "GER-ch U18 Girls"]
[Site "Willingen"]
[Date "2003.06.13"]
[Round "8"]
[White "Czaeczine, Anne"]
[Black "Hofmann, Annett"]
[Result "0-1"]
[WhiteElo "2072"]
[BlackElo "1844"]
[PlyCount "48"]
[EventDate "2003.06.08"]
[EventType "swiss"]
[EventRounds "9"]
[EventCountry "GER"]
[SourceTitle "CBM 094 Extra"]
[Source "ChessBase"]
[SourceDate "2003.07.09"]
[SourceVersion "2"]
[SourceVersionDate "2003.07.09"]
[SourceQuality "1"]

1. e4 c5 2. Nf3 d6 3. d4 cxd4 4. Nxd4 Nf6 5. Nc3 a6 6. Bg5 e6 7. f4 Be7 8. Qf3 h6 9. Bh4 g5 10. fxg5 Nfd7 11. Nxe6 fxe6 12. Qh5+ Kf8 13. Bb5 Kg7 14. 0-0 Ne5 15. Bg3 Ng6 16. Bc4 hxg5 17. Qg4 Nc6 18. Bb3 Nce5 19. Bxe5+ Nxe5 20. Qg3 Qe8 21. Ne2 Qg6 22. Rae1 Bd7 23. Nd4 g4 24. h3 Bh4 0-1